000
00329nam a22001577a 4500
003
SGT
020
_a
9780323733571
082
_a
617.51
_b
E23S
100
_a
SCHOLES, MELISSA A.
245
_a
ENT SECRETS
250
_a
5TH
260
_a
PHILADELPHIA
_b
ELSEVIER PUB
_c
2023
300
_a
513
650
_a
ENT
942
_2
ddc
_c
BK
999
_c
30638
_d
30638